000 00626nam a2200193 a 4500
005 20210223120811.0
008 991125s1962 was 000 0 spa u
035 _aUPN01000007411
049 _aCG
050 4 _aGT230
_bO7.2
110 2 _aUnión Panamericana
245 1 0 _aCentro Interamericano de Vivienda y Planeamiento 1952-1962 /
_cUnión Panamericana.
260 _aWashington :
_bUnión Panamericana,
_c1962.
300 _a54 p.
500 _aDisponible en la Colección Medina
610 2 4 _aCENTRO INTERAMERICANO DE VIVIENDA Y PLANEAMIENTO (COLOMBIA)
_96286
650 4 _aVIVIENDA -
_zAMERICA LATINA
905 _aLibro
999 _c7411
_d7411